[Event "London Classic Open 2015"]
[Site "London ENG"]
[Date "2015.12.10"]
[Round "8.56"]
[White "Motycakova, Monika"]
[Black "De Coverly, Roger D"]
[Result "0-1"]
[WhiteTitle "WFM"]
[WhiteElo "2185"]
[BlackElo "2037"]
[WhiteFideId "14909626"]
[BlackFideId "405213"]
[EventDate "2015.12.04"]

1. e4 e5 2. Nf3 Nc6 3. Bb5 a6 4. Ba4 Nf6 5. O-O Be7 6. Re1 b5 7. Bb3 O-O 8. d4
d6 9. c3 Bg4 10. Be3 exd4 11. cxd4 Na5 12. Bc2 Nc4 13. Bc1 c5 14. b3 Nb6 15.
Nbd2 Re8 16. Bb2 Qc7 17. Rc1 Rac8 18. Nf1 Qb8 19. Ng3 c4 20. Bb1 g6 21. h3 Bd7
22. d5 b4 23. bxc4 Nxc4 24. Ba1 Bb5 25. Nd4 Na3 26. Qf3 Nd7 27. Ngf5 Bg5 28.
Rxc8 Rxc8 29. h4 Ne5 30. Qg3 Rc1 31. Rxc1 Bxc1 32. Nb3 Nxb1 33. Nxc1 Qc7 34. Nb3
Nc3 35. Kh2 Kf8 36. Nfd4 h5 37. f3 Nxa2 38. Qf4 Ke8 39. Nxb5 axb5 40. Qd2 Nc3
41. Nd4 Qc4 42. Nc2 Qd3 43. Qc1 Qe2 44. Nxb4 Nxf3+ 45. Kh3 Ne1 46. Qb2 Qg4+ 47.
Kh2 Ne2 48. Qh8+ Kd7 0-1

[Event "London Classic Open 2015"]
[Site "London ENG"]
[Date "2015.12.10"]
[Round "8.58"]
[White "Murphy, Hugh W"]
[Black "Staples, Daniel J"]
[Result "1-0"]
[WhiteElo "2168"]
[BlackElo "1994"]
[WhiteFideId "422444"]
[BlackFideId "417211"]
[EventDate "2015.12.04"]

1. d4 Nf6 2. Nf3 e6 3. e3 g6 4. Bd3 Bg7 5. e4 d6 6. O-O h6 7. Re1 O-O 8. c3 Nbd7
9. Nbd2 b6 10. a4 Bb7 11. a5 a6 12. axb6 cxb6 13. Nc4 Qe7 14. b3 b5 15. Na5 Nb6
16. Ba3 Rfd8 17. e5 Ne8 18. exd6 Qd7 19. Ne5 Qc8 20. c4 Nxd6 21. c5 Nf5 22. Bxf5
exf5 23. c6 1-0

[Event "London Classic Open 2015"]
[Site "London ENG"]
[Date "2015.12.10"]
[Round "8.59"]
[White "Compton, Alistair"]
[Black "Obioma Onuoha"]
[Result "1-0"]
[WhiteElo "2061"]
[BlackElo "2165"]
[WhiteFideId "4300645"]
[BlackFideId "8505837"]
[EventDate "2015.12.04"]

1. e4 e5 2. Nc3 Nf6 3. Bc4 Bc5 4. f4 d6 5. Nf3 Nc6 6. d3 h6 7. f5 a6 8. a4 Nb4
9. Bb3 Ng4 10. Qe2 Bf2+ 11. Kf1 Ba7 12. h3 Nf6 13. Be3 Bxe3 14. Qxe3 Qe7 15. g4
Bd7 16. Rg1 c5 17. h4 O-O-O 18. g5 hxg5 19. hxg5 Nh5 20. Ne2 g6 21. f6 Qe8 22.
c3 Nc6 23. Bd5 Be6 24. b4 Qd7 25. b5 Bxd5 26. exd5 Nb8 27. bxa6 Nxa6 28. Qe4 Kb8
29. Rb1 Ka8 30. Kf2 Rb8 31. Rh1 Rhc8 32. Nd2 Ka7 33. Nc4 Rh8 34. Nd2 Qf5+ 35.
Qxf5 gxf5 36. Rbg1 Nc7 37. c4 Rbg8 38. Rh2 Rh7 39. Rgh1 Rgh8 40. Kg1 f4 41. Ne4
Ne8 42. N2c3 Kb6 43. Nb5 Ka5 44. Nbxd6 Nxd6 45. Nxd6 Kxa4 46. Nxb7 Kb4 47. d6
Rb8 48. d7 Rhh8 49. Rxh5 Rhg8 50. d8=Q Rgxd8 51. Nxd8 Rxd8 52. R1h3 Rg8 53. Kf2
Kc3 54. Rh7 Rxg5 55. Rxf7 Rf5 56. Rf8 Kd2 57. f7 Kc3 58. Ke2 Kc2 59. Rh7 f3+ 60.
Kf2 Kxd3 61. Rd8+ Kxc4 1-0

[Event "London Classic Open 2015"]
[Site "London ENG"]
[Date "2015.12.10"]
[Round "8.60"]
[White "Stamos, Filippos"]
[Black "Niccoli, Tony"]
[Result "1-0"]
[WhiteElo "2164"]
[BlackElo "2009"]
[WhiteFideId "4242807"]
[BlackFideId "432946"]
[EventDate "2015.12.04"]

1. d4 d5 2. c4 dxc4 3. Nf3 Nf6 4. e3 Bg4 5. Bxc4 e6 6. Qb3 Bxf3 7. gxf3 Nbd7 8.
Rg1 Nb6 9. Be2 g6 10. Nc3 Bg7 11. Qa3 Qd6 12. Qxd6 cxd6 13. b3 O-O 14. Ba3 Rfd8
15. Ne4 Nxe4 16. fxe4 Rac8 17. Kd2 Bf8 18. Rac1 Rxc1 19. Rxc1 Rc8 20. Rg1 h6 21.
f4 Kg7 22. h4 Nd7 23. e5 dxe5 24. Bxf8+ Nxf8 25. fxe5 f6 26. exf6+ Kxf6 27. e4
Rd8 28. e5+ Kg7 29. Ke3 Rc8 30. Bd3 Kf7 31. Rf1+ Ke7 32. Rf6 g5 33. Rxh6 gxh4
34. Rxh4 Rc1 35. Rg4 Kf7 36. Rf4+ Ke7 37. Rf2 Re1+ 38. Kd2 Ra1 39. Kc3 Nd7 40.
Rh2 Nf8 41. Rg2 Kf7 42. Be2 Nd7 43. Bh5+ Ke7 44. Rg7+ Kd8 45. a4 a5 46. Bg4 Rc1+
47. Kd2 Rc6 48. d5 Rb6 49. dxe6 Nxe5 50. e7+ Ke8 51. Bh5+ Nf7 52. Rxf7 Rh6 53.
Rh7+ 1-0

[Event "London Classic Open 2015"]
[Site "London ENG"]
[Date "2015.12.10"]
[Round "8.62"]
[White "Riedener, Toni"]
[Black "Rogiers, Jan"]
[Result "0-1"]
[WhiteElo "2005"]
[BlackElo "2145"]
[WhiteFideId "1302698"]
[BlackFideId "205109"]
[EventDate "2015.12.04"]

1. d4 e6 2. c4 f5 3. g3 Nf6 4. Bg2 d5 5. Nh3 c6 6. O-O Be7 7. Nd2 O-O 8. Qc2 Ng4
9. Nf3 h6 10. Nf4 Qe8 11. h3 Nf6 12. Ne5 g5 13. Nfd3 Ne4 14. Kh2 Nd7 15. f3 Nd6
16. Bd2 Kg7 17. Rae1 Nf6 18. Nf2 Nf7 19. e4 dxe4 20. fxe4 Nxe5 21. dxe5 Nh5 22.
exf5 exf5 23. g4 Nf4 24. Bxf4 gxf4 25. gxf5 Bxf5 26. Be4 Qh5 27. Rg1+ Kh8 28.
Bxf5 Rxf5 29. Qe2 f3 30. Qe4 Bc5 31. Ref1 Rxe5 32. Qg4 Qxg4 33. Rxg4 Re2 34. Kg3
Rf8 35. Ne4 Rg2+ 36. Kh4 Be7+ 37. Kh5 Kh7 38. Rxg2 fxg2 39. Rg1 Rf4 40. Rxg2
Rh4# 0-1

[Event "London Classic Open 2015"]
[Site "London ENG"]
[Date "2015.12.10"]
[Round "8.63"]
[White "Roque Sola, Jose Luis"]
[Black "Vanheirzeele, Daniel"]
[Result "1/2-1/2"]
[WhiteTitle "CM"]
[WhiteElo "1992"]
[BlackElo "2138"]
[WhiteFideId "5120390"]
[BlackFideId "200425"]
[EventDate "2015.12.04"]

1. e4 c5 2. Nf3 e6 3. d4 cxd4 4. Nxd4 Nf6 5. Nc3 Nc6 6. Be3 Bb4 7. Bd3 d5 8.
Nxc6 bxc6 9. exd5 Nxd5 10. Bd2 Nxc3 1/2-1/2

[Event "London Classic Open 2015"]
[Site "London ENG"]
[Date "2015.12.10"]
[Round "8.64"]
[White "Rice, Chris B"]
[Black "Britton, Richard L"]
[Result "1/2-1/2"]
[BlackTitle "FM"]
[WhiteElo "1956"]
[BlackElo "2238"]
[WhiteFideId "404446"]
[BlackFideId "401692"]
[EventDate "2015.12.04"]

1. c4 Nf6 2. g3 g6 3. Bg2 Bg7 4. Nc3 O-O 5. e4 c5 6. Nge2 Nc6 7. O-O Ne8 8. d3
Nc7 9. Be3 Ne6 10. Qd2 Ned4 11. Bh6 Rb8 12. Bxg7 Kxg7 13. f4 f6 14. f5 Nxe2+ 15.
Nxe2 Ne5 16. Nc3 d6 17. Rab1 b6 18. b4 Bd7 19. h4 Rg8 20. Bh3 Kh8 21. Ne2 Qe8
22. Qe3 g5 23. hxg5 Rxg5 24. Nf4 Qf7 25. Kf2 Rbg8 26. Rg1 Qg7 27. b5 Qh6 28. Ke2
Qg7 29. Kf2 h5 30. Rg2 Kh7 31. Rh1 Qh6 32. Ng6 Qg7 33. Rgh2 Be8 34. Nxe5 dxe5
35. Bg4 Qh6 36. Be2 Kg7 37. Bxh5 Bxh5 38. g4 Kf8 39. Rxh5 Rxh5 40. Qxh6+ Rxh6
41. Rxh6 Rxg4 42. Rh8+ Rg8 1/2-1/2

[Event "London Classic Open 2015"]
[Site "London ENG"]
[Date "2015.12.10"]
[Round "8.65"]
[White "Harley, Andrew D"]
[Black "Van De Perre, Tom"]
[Result "1/2-1/2"]
[WhiteTitle "FM"]
[WhiteElo "2226"]
[BlackElo "2042"]
[WhiteFideId "401390"]
[BlackFideId "209040"]
[EventDate "2015.12.04"]

1. e4 e5 2. Nf3 Nf6 3. Nxe5 d6 4. Nf3 Nxe4 5. Nc3 Nxc3 6. dxc3 Be7 7. Bf4 O-O 8.
Qd2 Be6 9. O-O-O Nd7 10. Kb1 Nc5 11. Nd4 Bd7 12. h4 Re8 13. f3 Ne6 14. Nxe6 Bxe6
15. Bd3 c6 16. c4 Qb6 17. g4 Bf6 18. c3 d5 19. g5 Be7 20. Qc2 dxc4 21. Bxh7+ Kf8
22. Bf5 Bxf5 23. Qxf5 Ba3 24. Qc2 Kg8 25. h5 Re6 26. Rhe1 Rae8 27. Rxe6 Rxe6 28.
Qd2 Re8 29. g6 Qb5 30. Ka1 Bf8 31. gxf7+ 1/2-1/2

[Event "London Classic Open 2015"]
[Site "London ENG"]
[Date "2015.12.10"]
[Round "8.66"]
[White "Praczukowski, Stanislaw"]
[Black "Semprun Martinez, Fernando"]
[Result "0-1"]
[WhiteElo "2038"]
[BlackElo "2200"]
[WhiteFideId "1182730"]
[BlackFideId "2203170"]
[EventDate "2015.12.04"]

1. d4 Nf6 2. c4 e6 3. g3 c5 4. d5 exd5 5. cxd5 d6 6. Nc3 g6 7. Bg2 Bg7 8. Nf3
O-O 9. O-O Re8 10. Nd2 a6 11. a4 Nbd7 12. Nc4 Ne5 13. Na3 Nh5 14. h3 f5 15. Kh2
Bd7 16. f4 Nf7 17. Nc4 b5 18. axb5 axb5 19. Rxa8 Qxa8 20. Nb6 Qb7 21. Nxd7 Qxd7
22. Bf3 b4 23. Na4 Nf6 24. b3 Ne4 25. Qd3 h5 26. Bxe4 Rxe4 27. e3 c4 28. Nb6
cxd3 29. Nxd7 Bc3 30. Rd1 Re7 31. Nb8 Ra7 32. Rxd3 Ra1 33. Rd1 Bb2 34. Bxb2 Rxd1
35. Bd4 Rd3 36. Nc6 Rxb3 37. g4 hxg4 38. hxg4 Nh6 0-1

[Event "London Classic Open 2015"]
[Site "London ENG"]
[Date "2015.12.10"]
[Round "8.67"]
[White "Iyengar, Ilya"]
[Black "Mogilarov, Dimitar"]
[Result "0-1"]
[WhiteElo "2023"]
[BlackElo "2168"]
[WhiteFideId "405949"]
[BlackFideId "2905248"]
[EventDate "2015.12.04"]

1. d4 Nf6 2. Nf3 g6 3. g3 Bg7 4. Bg2 O-O 5. c4 d5 6. cxd5 Nxd5 7. O-O Nc6 8. e4
Nb6 9. d5 Na5 10. Nc3 c6 11. Nd2 Bxc3 12. bxc3 cxd5 13. exd5 Nxd5 14. c4 Nc3 15.
Qf3 Qd4 16. Nb3 Nxb3 17. axb3 Bg4 18. Qxb7 Ne2+ 19. Kh1 Qxa1 20. Bh6 Qf6 21.
Bxf8 Rxf8 22. Qxa7 Bf3 23. Qe3 Nd4 24. Rc1 Qc6 25. Bxf3 Nxf3 26. Kg2 Nh4+ 27.
Kf1 Nf5 28. Qd2 Qh1+ 29. Ke2 Qxh2 30. Rc3 e5 31. Kd1 Nd4 32. Kc1 Qg1+ 33. Kb2
Ra8 34. Rc1 Qg2 35. c5 Qb7 36. Qd3 Qb4 0-1

[Event "London Classic Open 2015"]
[Site "London ENG"]
[Date "2015.12.10"]
[Round "8.68"]
[White "Hill, Alistair"]
[Black "Mitra, Roman C"]
[Result "0-1"]
[WhiteElo "2157"]
[BlackElo "2023"]
[WhiteFideId "432407"]
[BlackFideId "419540"]
[EventDate "2015.12.04"]

1. d4 d5 2. c4 c6 3. Nf3 Nf6 4. g3 e6 5. Bg2 dxc4 6. O-O Be7 7. a4 O-O 8. Na3 c5
9. Nxc4 Nc6 10. dxc5 Bxc5 11. Qb3 Qe7 12. Rd1 e5 13. Be3 Be6 14. Qb5 Bxe3 15.
Nxe3 a6 16. Qb6 Rab8 17. Rac1 Rfc8 18. Qc5 Qxc5 19. Rxc5 Nd7 20. Rc3 f6 21. Nd5
Bxd5 22. Rxd5 Nb6 23. Rd6 Nxa4 24. Rc2 Rd8 25. Rxd8+ Rxd8 26. Bh3 Kf7 27. b3 Nb6
28. Nd2 Nd5 29. Ne4 Ndb4 30. Rb2 b6 31. e3 Na5 32. Bf1 Ke7 33. Kg2 Rc8 34. Kf3
f5 35. Nd2 b5 36. Ke2 Rc3 37. Bh3 g6 38. g4 Kf6 39. gxf5 gxf5 40. Bg2 Nd3 41.
Rb1 Nxb3 42. Rd1 Nb2 43. Rb1 Rc2 0-1

[Event "London Classic Open 2015"]
[Site "London ENG"]
[Date "2015.12.10"]
[Round "8.69"]
[White "Myers, Dominique"]
[Black "Gschwendtner, Stanislav"]
[Result "1-0"]
[WhiteElo "2132"]
[BlackElo "2003"]
[WhiteFideId "2041715"]
[BlackFideId "307297"]
[EventDate "2015.12.04"]

1. e4 c5 2. d4 cxd4 3. c3 Nf6 4. e5 Ne4 5. Bc4 e6 6. Nf3 d6 7. O-O Nc6 8. cxd4
Be7 9. Nc3 Nxc3 10. bxc3 dxe5 11. Qe2 exd4 12. Rd1 d3 13. Bxd3 Qa5 14. Rb1 a6
15. Qe4 g6 16. Bh6 Qh5 17. Nd4 Nxd4 18. Qxd4 e5 19. Qe3 f6 20. Be2 Bg4 21. Rxb7
Bxe2 22. Rxe7+ Kxe7 23. Qc5+ Ke6 24. Qd6+ Kf5 25. Qd7+ Ke4 26. f3+ Bxf3 27. Qd3# 1-0

[Event "London Classic Open 2015"]
[Site "London ENG"]
[Date "2015.12.10"]
[Round "8.70"]
[White "Korning, Peter"]
[Black "Moran, Stephen"]
[Result "1/2-1/2"]
[WhiteElo "2000"]
[BlackElo "2127"]
[WhiteFideId "1723332"]
[BlackFideId "2501872"]
[EventDate "2015.12.04"]

1. e4 e6 2. d4 d5 3. Nc3 Bb4 4. e5 c5 5. a3 Bxc3+ 6. bxc3 Ne7 7. Qg4 O-O 8. Bd3
f5 9. exf6 Rxf6 10. Bg5 Rf7 11. Qh5 h6 12. Bh7+ Kf8 13. Bg6 Qa5 14. Bxe7+ Rxe7
15. Ne2 Nd7 16. O-O Nf6 17. Qh4 Bd7 18. Rfe1 Be8 19. Bxe8 Rexe8 20. dxc5 Qxc5
21. Qb4 b6 22. Qxc5+ bxc5 23. Nf4 Kf7 24. f3 Rab8 25. Rab1 Rb6 26. Nd3 Nd7 27.
c4 dxc4 28. Nf2 Reb8 29. Rbd1 Nf6 30. Ne4 Nxe4 31. Rxe4 Rb1 32. Rxb1 Rxb1+ 33.
Kf2 Ra1 34. Rxc4 Rxa3 35. Rxc5 1/2-1/2

[Event "London Classic Open 2015"]
[Site "London ENG"]
[Date "2015.12.10"]
[Round "8.71"]
[White "Heuser, Philip"]
[Black "Odeh, Kenneth"]
[Result "1-0"]
[WhiteElo "2119"]
[BlackElo "2000"]
[WhiteFideId "4654358"]
[BlackFideId "8500142"]
[EventDate "2015.12.04"]

1. d4 Nf6 2. c4 g6 3. g3 Bg7 4. Bg2 c6 5. Nf3 d5 6. b3 c5 7. Bb2 dxc4 8. bxc4
cxd4 9. Nxd4 O-O 10. O-O Nc6 11. Nxc6 bxc6 12. Nd2 Be6 13. Qc2 Qc7 14. Nf3 Bf5
15. Qa4 Qc8 16. Nd4 Be4 17. Nxc6 Bxc6 18. Qxc6 Rb8 19. Be5 Qxc6 20. Bxc6 Rb6 21.
Bf3 Nd7 22. Bxg7 Kxg7 23. Rab1 Rfb8 24. Rb5 Rxb5 25. cxb5 Ne5 26. a4 Nxf3+ 27.
exf3 a6 28. bxa6 Ra8 29. a5 Rxa6 30. Ra1 Kf6 31. Kg2 Ke5 32. Kh3 h6 33. f4+ Kd5
34. Kg4 f5+ 35. Kf3 g5 36. h3 e6 37. Ra2 Kc6 38. Re2 Kb7 39. Rb2+ Kc7 40. Ra2
Kd6 41. fxg5 hxg5 42. g4 Ke5 43. Ra3 Kd5 44. gxf5 exf5 45. Kg3 Ke5 46. f3 f4+
47. Kg4 Kf6 48. h4 gxh4 49. Kxf4 Ke6 50. Kg4 Ke5 51. Kxh4 Kf4 52. Kh3 Rh6+ 53.
Kg2 Ra6 54. Ra4+ Kf5 55. Kf2 Ke5 56. Ke3 Kd5 57. Kf4 Ke6 58. Kg5 Kf7 59. f4 Ke7
60. f5 Kf7 61. Kg4 Ke7 62. Kf4 Kd6 63. Ke4 Kd7 64. Rd4+ Ke7 65. Rd5 Rc6 66. Kd4
Rc1 67. Rc5 Rb1 68. Rc6 Rb5 69. f6+ Kf7 70. Rc5 Rb4+ 71. Ke5 Ra4 72. Kf5 Ra1 73.
Rc7+ Ke8 74. Ke6 Kd8 75. Ra7 Re1+ 76. Kd5 Ke8 77. Re7+ 1-0

[Event "London Classic Open 2015"]
[Site "London ENG"]
[Date "2015.12.10"]
[Round "8.72"]
[White "Falkowski, Dawid"]
[Black "Abrahams, Daniel"]
[Result "1-0"]
[WhiteElo "1998"]
[BlackElo "2111"]
[WhiteFideId "1139142"]
[BlackFideId "2606879"]
[EventDate "2015.12.04"]

1. e4 d6 2. d4 Nf6 3. Nc3 Nbd7 4. f4 e5 5. Nf3 exd4 6. Qxd4 c6 7. Be3 d5 8. exd5
Bc5 9. Qd3 Qe7 10. Kd2 O-O 11. Re1 Bxe3+ 12. Rxe3 Qb4 13. Qc4 Qxb2 14. dxc6 bxc6
15. Qb3 Qxb3 16. axb3 Nb6 17. g3 c5 18. Bg2 Bb7 19. Rhe1 c4 20. Re7 Rfd8+ 21.
Kc1 Bxf3 22. Bxf3 Rac8 23. b4 Nbd7 24. Nd5 Rb8 25. c3 a6 26. Kc2 Kf8 27. Nxf6
Nxf6 28. Rc7 Rbc8 29. Rxc8 Rxc8 30. Bb7 Rc7 31. Bxa6 Nd5 32. Re5 Nb6 33. Rc5 Re7
34. Bxc4 Re3 35. Bd3 Nd7 36. Rc7 Nf6 37. b5 Re6 38. Bc4 Rb6 39. Rxf7+ Ke8 40.
Rxg7 1-0

[Event "London Classic Open 2015"]
[Site "London ENG"]
[Date "2015.12.10"]
[Round "8.73"]
[White "Calvert, D Ian"]
[Black "Salimbeni, George P W"]
[Result "1-0"]
[WhiteElo "1984"]
[BlackElo "2107"]
[WhiteFideId "406368"]
[BlackFideId "404080"]
[EventDate "2015.12.04"]

1. b3 Nf6 2. Bb2 g6 3. Nf3 Bg7 4. g3 O-O 5. Bg2 c5 6. c4 Nc6 7. O-O d6 8. d4
cxd4 9. Nxd4 Bd7 10. Nc3 Qb6 11. e3 Bg4 12. Qd2 Rac8 13. h3 Bd7 14. Kh2 a6 15.
Rfd1 Rfd8 16. Rac1 Qa5 17. Nd5 Qxd2 18. Nxf6+ Bxf6 19. Rxd2 Nxd4 20. Bxd4 Bxd4
21. Rxd4 b5 22. Rb1 bxc4 23. Rxc4 Rxc4 24. bxc4 Rc8 25. Bf1 Rc5 26. Rb7 Be6 27.
Rxe7 Ra5 28. Re8+ Kg7 29. Rd8 Rxa2 30. Kg2 Rd2 31. c5 d5 32. Bxa6 Bf5 33. g4
Be4+ 34. Kg3 Ra2 35. Bb7 Ra3 36. Rd6 Rc3 37. Bxd5 Bd3 38. Rd7 Rxc5 39. Rxf7+ Kg8
40. Rd7+ Kf8 41. e4 1-0

[Event "London Classic Open 2015"]
[Site "London ENG"]
[Date "2015.12.10"]
[Round "8.74"]
[White "Jamroz, Krzysztof"]
[Black "Millward, Kevin P"]
[Result "0-1"]
[WhiteElo "2103"]
[BlackElo "1980"]
[WhiteFideId "1111850"]
[BlackFideId "404721"]
[EventDate "2015.12.04"]

1. e4 d6 2. d4 g6 3. Nf3 Bg7 4. Nc3 a6 5. a4 b6 6. Bc4 e6 7. O-O Ne7 8. Bg5 h6
9. Bf4 O-O 10. Qd2 Kh7 11. Bd3 Nd7 12. e5 d5 13. g4 c5 14. Rfe1 Nc6 15. dxc5
bxc5 16. Bf1 Qa5 17. Bg2 Bb7 18. h3 Rab8 19. Nb1 Qc7 20. Qe3 Ba8 21. b3 Rb4 22.
Bg3 Re4 23. Qd3 Rxe1+ 24. Nxe1 Bxe5 25. Qxa6 Bxg3 26. fxg3 Qe5 0-1

[Event "London Classic Open 2015"]
[Site "London ENG"]
[Date "2015.12.10"]
[Round "8.75"]
[White "Xaxiris, E."]
[Black "Serntedakis, Athanasios"]
[Result "0-1"]
[WhiteElo "1975"]
[BlackElo "2091"]
[WhiteFideId "4206720"]
[BlackFideId "4239423"]
[EventDate "2015.12.04"]

1. d4 Nf6 2. c4 e6 3. Nc3 Bb4 4. Qc2 d5 5. Nf3 c5 6. e3 O-O 7. a3 Bxc3+ 8. bxc3
b6 9. cxd5 exd5 10. Bd3 c4 11. Bf5 Bxf5 12. Qxf5 Ne4 13. Ne5 Qf6 14. Qxf6 gxf6
15. Ng4 h5 16. f3 hxg4 17. fxe4 dxe4 18. Rf1 Kg7 19. Rf4 f5 20. Rxf5 Kg6 21. Re5
f5 22. Re6+ Kf7 23. Re5 Kf6 24. Kf2 a6 25. Rd5 Ke6 26. Re5+ Kf6 27. Rd5 Ke6 28.
Re5+ Kd7 29. Rd5+ Kc6 30. Re5 Nd7 31. Re6+ Kd5 32. Rg6 Rg8 33. Rxg8 Rxg8 34. Rb1
b5 35. a4 g3+ 36. hxg3 bxa4 37. Rb4 a5 38. Rb5+ Kc6 39. Rxa5 Nb6 40. Rc5+ Kb7
41. Rxf5 Rh8 42. Ba3 Rd8 43. g4 Nd5 44. Bb4 Kc6 45. Re5 Rb8 46. Re6+ Kc7 47.
Bd6+ Kd7 48. Rh6 Rb6 49. g5 Rxd6 50. Rh1 a3 51. g4 a2 52. Kg3 Ra6 53. Ra1 Nxe3
54. g6 Ke7 55. Re1 a1=Q 0-1

[Event "London Classic Open 2015"]
[Site "London ENG"]
[Date "2015.12.10"]
[Round "8.76"]
[White "Skutta, Bernd"]
[Black "Jameson, David"]
[Result "0-1"]
[WhiteElo "1973"]
[BlackElo "2088"]
[WhiteFideId "4666950"]
[BlackFideId "1801538"]
[EventDate "2015.12.04"]

1. d4 d5 2. Nf3 Nf6 3. c4 c6 4. Qb3 e6 5. g3 Bd6 6. Bg2 Nbd7 7. O-O O-O 8. Nc3
Qb6 9. Rd1 Re8 10. Nd2 Bf8 11. e4 Qxd4 12. cxd5 Bc5 13. Rf1 exd5 14. exd5 Re1
15. Nde4 Rxf1+ 16. Kxf1 Nxe4 17. Nxe4 cxd5 18. Be3 Qe5 19. Nxc5 Nxc5 20. Bxc5 b6
21. Re1 Ba6+ 0-1

[Event "London Classic Open 2015"]
[Site "London ENG"]
[Date "2015.12.10"]
[Round "8.77"]
[White "Shepley, Julien M"]
[Black "Seymour, Timothy P"]
[Result "1/2-1/2"]
[WhiteElo "1968"]
[BlackElo "2080"]
[WhiteFideId "403210"]
[BlackFideId "412112"]
[EventDate "2015.12.04"]

1. e4 e5 2. Nc3 Nf6 3. Bc4 Bc5 4. f4 d6 5. Nf3 c6 6. d3 b5 7. Bb3 a5 8. a4 b4 9.
Ne2 Qc7 10. f5 Ng4 11. d4 exd4 12. Nexd4 Ba6 13. Ng5 Ne5 14. Be3 Nbd7 15. Nxf7
Nxf7 16. Bxf7+ Kxf7 17. Qh5+ g6 18. Qh6 Bxd4 19. Bxd4 Ne5 20. O-O-O Raf8 21. Rd2
Qe7 22. Rhd1 Rd8 23. Bxe5 Qxe5 24. fxg6+ hxg6 25. Rf2+ Ke7 26. Qxg6 Rdf8 27.
Rfd2 Qf6 28. Rxd6 Qxg6 29. Rxg6 Rxh2 30. Rxc6 Be2 31. Rd5 Rxg2 32. Rc7+ Ke6 33.
Rc6+ Ke7 34. Rc7+ Ke6 35. Rc6+ Kf7 36. Rxa5 Rd8 37. Ra7+ Ke8 38. b3 Bg4 39. Rg6
Kf8 40. Rf6+ 1/2-1/2

[Event "London Classic Open 2015"]
[Site "London ENG"]
[Date "2015.12.10"]
[Round "8.78"]
[White "Brugo, Marco"]
[Black "Disu, Kayode"]
[Result "0-1"]
[WhiteElo "2071"]
[BlackElo "1910"]
[WhiteFideId "806609"]
[BlackFideId "432849"]
[EventDate "2015.12.04"]

1. d4 d5 2. c4 e6 3. Nc3 c6 4. e4 dxe4 5. Nxe4 Nf6 6. Nxf6+ Qxf6 7. Nf3 Bb4+ 8.
Bd2 Bxd2+ 9. Qxd2 O-O 10. Bd3 Nd7 11. O-O-O e5 12. Ng5 g6 13. Ne4 Qf4 14. Qxf4
exf4 15. c5 Kg7 16. Rhe1 Nf6 17. Nd6 Be6 18. a3 Rab8 19. f3 Ne8 20. Nc4 Nc7 21.
Ne5 Nd5 22. Bc4 Rfd8 23. Bxd5 Rxd5 24. Kc2 Rdd8 25. Kc3 g5 26. Rd2 Kf6 27. Nd3
Rd7 28. Nf2 Bf5 29. Ne4+ Bxe4 30. fxe4 Re8 31. a4 Rde7 32. Rde2 a5 33. Kd3 g4
34. Rg1 Kg5 35. h3 h5 36. Rh1 g3 37. Rf1 h4 38. Rfe1 f6 39. b3 Rd8 40. e5 Red7
41. e6 Rxd4+ 42. Kc3 Rd3+ 43. Kb2 R3d5 44. e7 Re8 45. Re4 Kf5 46. b4 Re5 47.
Rxe5+ fxe5 48. bxa5 e4 49. Kc2 f3 0-1

[Event "London Classic Open 2015"]
[Site "London ENG"]
[Date "2015.12.10"]
[Round "8.79"]
[White "Taylor, William J"]
[Black "Fraser-Mitchell, Jeremy N"]
[Result "0-1"]
[WhiteElo "1962"]
[BlackElo "2062"]
[WhiteFideId "423130"]
[BlackFideId "405000"]
[EventDate "2015.12.04"]

1. e4 Nc6 2. Nf3 Nf6 3. Nc3 d5 4. e5 d4 5. exf6 dxc3 6. fxe7 cxd2+ 7. Bxd2 Bxe7
8. Bd3 Qd5 9. Qe2 Bg4 10. Be4 Qh5 11. O-O-O Nd4 12. Qe3 c5 13. Rde1 O-O 14. Bxb7
Bxf3 15. gxf3 Rae8 16. Rhg1 f5 17. Qe5 Bf6 18. Qxc5 Rb8 19. Bd5+ Kh8 20. Bc3 Qh4
21. Qxa7 Qxf2 22. Kb1 Qxc2+ 23. Ka1 Qxc3 24. Qxb8 Rxb8 25. Re8+ Rxe8 26. bxc3
Rb8 27. a4 Nc2+ 28. Ka2 Bxc3 29. Bb3 Nd4 30. Bd1 Rb2+ 31. Ka3 Rb1 32. Rg2 Ra1+
33. Ra2 Rxd1 34. a5 Bxa5 35. Ka4 Bc3 36. Ra3 Ra1 0-1

[Event "London Classic Open 2015"]
[Site "London ENG"]
[Date "2015.12.10"]
[Round "8.80"]
[White "De Abreu, Roberto N"]
[Black "Klingher, Dominic"]
[Result "1-0"]
[WhiteTitle "FM"]
[WhiteElo "2056"]
[BlackElo "1758"]
[WhiteFideId "14307472"]
[BlackFideId "428850"]
[EventDate "2015.12.04"]

1. d4 Nf6 2. c4 g6 3. g3 Bg7 4. Bg2 O-O 5. Nc3 d6 6. Nf3 Nc6 7. O-O a6 8. Qd3 e5
9. dxe5 dxe5 10. Qxd8 Rxd8 11. Bg5 Be6 12. Nd2 h6 13. Bxf6 Rxd2 14. Bxg7 Kxg7
15. Bxc6 bxc6 16. b3 f5 17. Rfd1 Rad8 18. Kf1 e4 19. Ke1 Rxd1+ 20. Rxd1 Rxd1+
21. Kxd1 Kf6 22. Kc2 g5 23. e3 Ke5 24. Na4 f4 25. Nc5 fxg3 26. fxg3 Bc8 27. Kd2
Kf5 28. Ke2 Kg4 29. Kf2 Kh3 30. Kg1 Kg4 31. Kg2 Kf5 32. h3 h5 33. Kf2 Ke5 34.
Kg2 Kf5 35. Kf2 Ke5 36. b4 Bxh3 37. Nxa6 Be6 38. Nc5 Bxc4 39. a4 h4 40. gxh4
gxh4 41. a5 Kf5 42. a6 Bxa6 43. Nxa6 Kg4 44. Nc5 Kf5 45. Kg2 Ke5 46. Kh3 Kd5 47.
Kxh4 Kc4 48. Kg3 Kxb4 49. Nxe4 c5 50. Kf2 c4 51. Ke2 Kb3 52. Kd2 Kb4 53. Kc2 c6
54. Kb2 c3+ 55. Nxc3 Kc4 56. Kc2 1-0

[Event "London Classic Open 2015"]
[Site "London ENG"]
[Date "2015.12.10"]
[Round "8.81"]
[White "Guo, Emma"]
[Black "Rocco, Federico"]
[Result "1-0"]
[WhiteTitle "WIM"]
[WhiteElo "2050"]
[BlackElo "1855"]
[WhiteFideId "3200795"]
[BlackFideId "431362"]
[EventDate "2015.12.04"]

1. d4 Nf6 2. Nf3 g6 3. Bf4 Bg7 4. e3 O-O 5. h3 d6 6. Be2 c5 7. c3 Nc6 8. Nbd2
cxd4 9. exd4 Nd5 10. Bh2 e5 11. O-O Be6 12. c4 Nb6 13. d5 Nxd5 14. cxd5 Bxd5 15.
Bc4 Bxc4 16. Nxc4 e4 17. Ne1 d5 18. Nd6 Nd4 19. Nc2 Nxc2 20. Qxc2 f5 21. Qc5 Kh8
22. Qxd5 Qd7 23. Qxb7 Qe6 24. Rac1 Rad8 25. Rc7 Bf6 26. Nf7+ Rxf7 27. Rxf7 Bxb2 1-0